Of mice and men/ (Record no. 359401)
[ view plain ]
| 000 -LEADER | |
|---|---|
| fixed length control field | 00298nam a2200109Ia 4500 |
| 008 - FIXED-LENGTH DATA ELEMENTS--GENERAL INFORMATION | |
| fixed length control field | 181023s9999 xx 000 0 und d |
| 020 ## - INTERNATIONAL STANDARD BOOK NUMBER | |
| International Standard Book Number | 9780140177398 |
| 100 ## - MAIN ENTRY--PERSONAL NAME | |
| Personal name | Steinbeck, John |
| 245 ## - TITLE STATEMENT | |
| Statement of responsibility, etc | John Steinbeck |
| Title | Of mice and men/ |
| 260 ## - PUBLICATION, DISTRIBUTION, ETC. (IMPRINT) | |
| Place of publication, distribution, etc | NY: |
| Name of publisher, distributor, etc | Penguin books |
| Date of publication, distribution, etc | 1937 |
| 300 ## - PHYSICAL DESCRIPTION | |
| Extent | 107 pages : |
| Dimensions | 18 cm. |
| Withdrawn status | Lost status | Damaged status | Home library | Current library | Shelving location | Date acquired | Source of acquisition | Total Checkouts | Full call number | Barcode | Date last seen | Price effective from | Koha item type |
|---|---|---|---|---|---|---|---|---|---|---|---|---|---|
| Luxembourg Library | Luxembourg Library | Classic Section | 10/23/2018 | PS 3537 .St819 1937 | 20622 | 10/23/2018 | 10/23/2018 | Books |